साहित्य और इतिहास दृष्टि / (Record no. 58193)

MARC details
000 -LEADER
fixed length control field 04536 a2200445 4500
005 - DATE AND TIME OF LATEST TRANSACTION
control field 20111108105248.0
010 ## - LCCN (DPL NO)
LC control number B-450552-568
020 ## - INTERNATIONAL STANDARD BOOK NUMBER
International Standard Book Number
Terms of availability 200.00
035 ## - SYSTEM CONTROL NUMBER
System control number B-450552-568
037 ## - SOURCE OF ACQUISITION
Source of stock number/acquisition वि्र्चुअस
082 ## - DEWEY DECIMAL CLASSIFICATION NUMBER
Classification number 820.9
100 ## - MAIN ENTRY--PERSONAL NAME
Personal name पाण्डेय, मैनेजर
245 1# - TITLE STATEMENT
Title साहित्य और इतिहास दृष्टि /
Statement of responsibility, etc मैनेजर पाण्डेय
246 ## - VARYING FORM OF TITLE
Title proper/short title
Remainder of title
250 ## - EDITION STATEMENT
Edition statement 3रा संस्क.
260 ## - PUBLICATION, DISTRIBUTION, ETC. (IMPRINT)
Place of publication, distribution, etc नई दिल्ली
Name of publisher, distributor, etc वाणी प्रकाशन,
Date of publication, distribution, etc 2008
270 ## - ADDRESS
Address 21-ए,दरियागंज
City नई दिल्ली
Postal code 110002
300 ## - PHYSICAL DESCRIPTION
Extent 237पृ
Dimensions 22सेमी (सजिल्द)
490 ## - SERIES STATEMENT
Series statement
-- 41828
700 ## - ADDED ENTRY--PERSONAL NAME
Personal name
9 (RLIN) 35748
942 ## - ADDED ENTRY ELEMENTS (KOHA)
Institution code [OBSOLETE] dpl
Item type Hindi Books
Call number prefix 820.9
Source of classification or shelving scheme Dewey Decimal Classification
Call number suffix पाण्डेय
Holdings
Withdrawn status Lost status Not for loan Collection code Home library Current library Date acquired Source of acquisition Cost, normal purchase price Full call number Barcode Copy number Cost, replacement price Koha item type
      Non-fiction Bagh Kadhe Khan Bagh Kadhe Khan 13/02/2012 वि्र्चुअस/681/4.10.11/12.15.9.11/11.11.11 200.00 पाण्डेय B-450566 1 200.00 Hindi Books
      Non-fiction Central Jail Tihar Central Jail Tihar 13/02/2012 वि्र्चुअस/681/4.10.11/12.15.9.11/11.11.11 200.00 पाण्डेय B-450560 1 200.00 Hindi Books
      Non-fiction Central Library Central Library 13/02/2012 वि्र्चुअस/681/4.10.11/12.15.9.11/11.11.11 200.00 पाण्डेय B-450552 2 200.00 Hindi Books
      Non-fiction Central Library Central Library 13/02/2012 वि्र्चुअस/681/4.10.11/12.15.9.11/11.11.11 200.00 पाण्डेय B-450553 2 200.00 Hindi Books
      Non-fiction Janak Puri Janak Puri 13/02/2012 वि्र्चुअस/681/4.10.11/12.15.9.11/11.11.11 200.00 पाण्डेय B-450561 1 200.00 Hindi Books
      Non-fiction Karol Bagh Karol Bagh 13/02/2012 वि्र्चुअस/681/4.10.11/12.15.9.11/11.11.11 200.00 पाण्डेय B-450564 1 200.00 Hindi Books
      Non-fiction Kasturba Gandhi Marg Kasturba Gandhi Marg 13/02/2012 वि्र्चुअस/681/4.10.11/12.15.9.11/11.11.11 200.00 पाण्डेय B-450557 1 200.00 Hindi Books
      Non-fiction Mobile Library Mobile Library 13/02/2012 वि्र्चुअस/681/4.10.11/12.15.9.11/11.11.11 200.00 पाण्डेय B-450554 2 200.00 Hindi Books
      Non-fiction Mobile Library Mobile Library 13/02/2012 वि्र्चुअस/681/4.10.11/12.15.9.11/11.11.11 200.00 पाण्डेय B-450555 2 200.00 Hindi Books
      Non-fiction Narela Narela 13/02/2012 वि्र्चुअस/681/4.10.11/12.15.9.11/11.11.11 200.00 पाण्डेय B-450567 1 200.00 Hindi Books
      Non-fiction New Rohtak Road New Rohtak Road 13/02/2012 वि्र्चुअस/681/4.10.11/12.15.9.11/11.11.11 200.00 पाण्डेय B-450565 1 200.00 Hindi Books
      Non-fiction Patel Nagar Patel Nagar 13/02/2012 वि्र्चुअस/681/4.10.11/12.15.9.11/11.11.11 200.00 पाण्डेय B-450556 1 200.00 Hindi Books
      Non-fiction Peshwa Road Peshwa Road 13/02/2012 वि्र्चुअस/681/4.10.11/12.15.9.11/11.11.11 200.00 पाण्डेय B-450558 1 200.00 Hindi Books
      Non-fiction Sarojini Nagar Sarojini Nagar 13/02/2012 वि्र्चुअस/681/4.10.11/12.15.9.11/11.11.11 200.00 पाण्डेय B-450562 1 200.00 Hindi Books
      Non-fiction Shahdara Branch Shahdara Branch 13/02/2012 वि्र्चुअस/681/4.10.11/12.15.9.11/11.11.11 200.00 पाण्डेय B-450568 1 200.00 Hindi Books
      Non-fiction Tri Nagar Tri Nagar 13/02/2012 वि्र्चुअस/681/4.10.11/12.15.9.11/11.11.11 200.00 पाण्डेय B-450559 1 200.00 Hindi Books
      Non-fiction Vinoba Puri Vinoba Puri 13/02/2012 वि्र्चुअस/681/4.10.11/12.15.9.11/11.11.11 200.00 पाण्डेय B-450563 1 200.00 Hindi Books

© Delhi Public Library
Hit Counter
free hit counter